Beria / (Record no. 98500)

MARC details
000 -LEADER
campo de control de longitud fija 01010nam a2200313 i 4500
001 - NÚMERO DE CONTROL
campo de control 98500
003 - IDENTIFICADOR DE NÚMERO DE CONTROL
campo de control ES-MaACL
005 - FECHA Y HORA DE LA ÚLTIMA TRANSACCIÓN
campo de control 20250818131144.0
007 - CAMPO FIJO DE DESCRIPCIÓN FÍSICA--INFORMACIÓN GENERAL
campo de control de longitud fija t|
008 - DATOS DE LONGITUD FIJA--INFORMACIÓN GENERAL
campo de control de longitud fija 050923s1970 sp ||||1| spa d
080 ## - NÚMERO DE LA CLASIFICACIÓN DECIMAL UNIVERSAL
Número de la Clasificación Decimal Universal 929 Beria, Laurenti Paulovich
080 ## - NÚMERO DE LA CLASIFICACIÓN DECIMAL UNIVERSAL
Número de la Clasificación Decimal Universal 929 Atila
080 ## - NÚMERO DE LA CLASIFICACIÓN DECIMAL UNIVERSAL
Número de la Clasificación Decimal Universal 929 Saint-Germain, Comte de
100 1# - ENTRADA PRINCIPAL--NOMBRE DE PERSONA
Nombre de persona Guillaumin, Claude.
9 (RLIN) 60736
245 10 - MENCIÓN DEL TÍTULO
Título Beria /
Mención de responsabilidad, etc. Claude Guillaumin
Resto del título . Atila / Guy Claisse. El conde St.-Germain / Max Clos.
246 3# - FORMA VARIANTE DEL TITULO
Título propio/Titulo breve Atila
260 ## - PUBLICACIÓN, DISTRIBUCIÓN, ETC.
Lugar de publicación, distribución, etc. [Madrid] :
Nombre del editor, distribuidor, etc. Círculo de Amigos de la Historia,
Fecha de publicación, distribución, etc. [1970]
300 ## - DESCRIPCIÓN FÍSICA
Extensión 250 p., 4 h. de lám. ;
Dimensiones 18 cm.
490 1# - MENCIÓN DE SERIE
Mención de serie Personajes malditos de la historia ;
Designación de volumen o secuencia 2
600 14 - PUNTO DE ACCESO ADICIONAL DE MATERIA--NOMBRE DE PERSONA
Nombre de persona Beria, Laurenti Paulovich.
9 (RLIN) 28022
600 14 - PUNTO DE ACCESO ADICIONAL DE MATERIA--NOMBRE DE PERSONA
Nombre de persona Atila.
9 (RLIN) 23745
600 14 - PUNTO DE ACCESO ADICIONAL DE MATERIA--NOMBRE DE PERSONA
Nombre de persona Saint-Germain
Títulos y otros términos asociados al nombre comte de.
9 (RLIN) 101526
700 1# - ENTRADA AGREGADA--NOMBRE PERSONAL
Nombre de persona Claisse, Guy.
9 (RLIN) 38979
700 1# - ENTRADA AGREGADA--NOMBRE PERSONAL
Nombre de persona Clos, Max.
9 (RLIN) 39285
700 2# - ENTRADA AGREGADA--NOMBRE PERSONAL
Nombre de persona
9 (RLIN) 241884
830 1# - PUNTO DE ACCESO ADICIONAL DE SERIE-TÍTULO UNIFORME
Título uniforme Personajes malditos de la historia ;
Designación de volumen o secuencia 2
9 (RLIN) 184476
852 ## - LOCALIZACIÓN
Ubicación ES-MaACL
Número de control de estantería C-45407
Holdings
Estatus retirado Estado de pérdida Estado de daño No para préstamo Biblioteca de origen Biblioteca actual Ubicación en estantería Fecha de adquisición Fuente de adquisición Total de préstamos Signatura topográfica completa Código de barras Visto por última vez Precio de reemplazo Tipo de ítem Koha
        Biblioteca del Ateneo de Madrid Biblioteca del Ateneo de Madrid Depósito 2 17/01/2008     C-45407 1102834 23/02/2023 23/02/2023 Libro impreso